Resolution recommending that the House of Representatives find Karl Rove in contempt of Congress for refusal to comply with a subpoena duly issued by the Committee on the Judiciary : report of the Committee on the Judiciary, House of Representatives together with additional views and minority views.

Bibliographic Details
Corporate Author: United States. Congress. House. Committee on the Judiciary
Format: Government Document eBook
Language:English
Published: Washington : U.S. G.P.O., 2008.
Series:Rept. / 110th Congress, 2d session, House of Representatives ; 110-847
Subjects:
Online Access:https://purl.fdlp.gov/GPO/LPS105887

MARC

Tag First Indicator Second Indicator Subfields
LEADER 00000cam a2200000 a 4500
001 in00002442921
005 20211202190300.0
006 m d f
007 cr bn|||||||||
008 081126s2008 dcu sb f000 0 eng c
035 |a (OCoLC)ocn276435856 
040 |a GPO  |c GPO  |d GPO  |d MvI  |d UtOrBLW 
042 |a pcc 
043 |a n-us--- 
049 |a WWW 
050 1 4 |a KF32  |b .J8 2008zp 
074 |a 1008-C (online) 
086 0 |a Y 1.1/8:110-847 
110 1 |a United States.  |b Congress.  |b House.  |b Committee on the Judiciary. 
245 1 0 |a Resolution recommending that the House of Representatives find Karl Rove in contempt of Congress for refusal to comply with a subpoena duly issued by the Committee on the Judiciary :  |b report of the Committee on the Judiciary, House of Representatives together with additional views and minority views. 
264 1 |a Washington :  |b U.S. G.P.O.,  |c 2008. 
300 |a 138 pages :  |b digital, PDF file. 
336 |a text  |b txt  |2 rdacontent 
337 |a computer  |b c  |2 rdamedia 
338 |a online resource  |b cr  |2 rdacarrier 
490 1 |a Rept. / 110th Congress, 2d session, House of Representatives ;  |v 110-847 
538 |a Mode of access: Internet from the GPO Access web site. Address as of 11/26/08: http://frwebgate.access.gpo.gov/cgi-bin/getdoc.cgi?dbname=110%5Fcong%5Freports&docid=f:hr847.110.pdf ; current access is available via PURL. 
500 |a Title from title screen (viewed on Nov. 26, 2008). 
500 |a "September 15, 2008." 
504 |a Includes bibliographical references. 
500 |a Electronic resource. 
600 1 0 |a Rove, Karl. 
650 0 |a Subpoena  |z United States. 
650 0 |a Contempt of legislative bodies  |z United States. 
776 0 |a United States. Congress. House. Committee on the Judiciary.  |t Resolution recommending that the House of Representatives find Karl Rove in contempt of Congress for refusal to comply with a subpoena duly issued by the Committee on the Judiciary  |h 138 p.  |w (OCoLC)276433069 
776 0 |a United States. Congress. House. Committee on the Judiciary.  |t Resolution recommending that the House of Representatives find Karl Rove in contempt of Congress for refusal to comply with a subpoena duly issued by the Committee on the Judiciary  |h 138 p.  |w (OCoLC)419620268 
810 1 |a United States.  |b Congress.  |b House.  |t Report ;  |v 110-847. 
856 4 0 |u https://purl.fdlp.gov/GPO/LPS105887  |t 0 
999 |a MARS 
999 f f |s d5c2626b-5152-3360-a1ec-2fc786878f64  |i 07de05b8-27ed-326b-872c-aa7a0217d2e4  |t 0 
952 f f |a Texas A&M University  |b College Station  |c Electronic Resources  |d Available Online  |t 0  |e Y 1.1/8:110-847  |h Superintendent of Documents classification 
998 f f |a Y 1.1/8:110-847  |t 0  |l Available Online